| Поле | Инд. | ПП | Название | Значение |
|---|---|---|---|---|
| Тип записи | a | |||
| Библиографический уровень | b | |||
| 001 | Контрольный номер | RU/IS/BASE/475345662 | ||
| 005 | Дата корректировки | 20200630193304.6 | ||
| 008 | Кодируемые данные | 20150123 | ||
| 040 | b | Код языка каталог. | rus | |
| e | Правила каталог. | PSBO | ||
| 041 | 0_ | a | Код языка текста | rus |
| 084 | a | Индекс другой классификации/Индекс ББК | 60.8; 66.3(2Рос),123 | |
| 100 | 1_ | a | Автор | Конов А. В. |
| q | Полное имя | Конов Алексей Владимирович | ||
| 100 | 1_ | a | Автор | Яковлев А. А. |
| q | Полное имя | Яковлев Андрей Александрович | ||
| 245 | a | Заглавие | Антикоррупционное декларирование в России: существующие проблемы и возможные подходы к реформированию | |
| 504 | a | Библиография | Лит.: с. 24 - 25. - Примеч.: с. 26 - 27 | |
| 520 | a | Аннотация | Рассматриваются направления совершенствования системы представления должностными лицами и их родственниками сведений о доходах, имуществе и обязательствах имущественного характера... | |
| 650 | a | Основная рубрика | внутренняя политика | |
| a | Основная рубрика | политика | ||
| a | Основная рубрика | социальное управление | ||
| 653 | a | Ключевые слова | антикоррупционная политика | |
| a | Ключевые слова | антикоррупционное декларирование | ||
| a | Ключевые слова | антикоррупционное законодательство | ||
| a | Ключевые слова | борьба с коррупцией | ||
| a | Ключевые слова | государственная власть | ||
| a | Ключевые слова | государственное управление | ||
| a | Ключевые слова | государственные служащие | ||
| a | Ключевые слова | доходы физических лиц | ||
| a | Ключевые слова | контроль доходов | ||
| a | Ключевые слова | конфликт интересов | ||
| a | Ключевые слова | коррупция | ||
| a | Ключевые слова | незаконное обогащение | ||
| a | Ключевые слова | обязательства имущественного характера | ||
| a | Ключевые слова | проверка деклараций | ||
| a | Ключевые слова | Россия | ||
| a | Ключевые слова | сведения о доходах | ||
| a | Ключевые слова | сведения об имуществе | ||
| a | Ключевые слова | собственность | ||
| a | Ключевые слова | финансовый контроль | ||
| 773 | t | Заглавие источника | Вопросы государственного и муниципального управления | |
| d | Дата издания источника | 2013 | ||
| g | Прочая информация | № 1. - С. 5 - 27 | ||
| w | Контрольный № источника | RU/IS/BASE/421858656 | ||
| 901 | t | Тип документа | b |